The Harriet Lane handbook : a manual for pediatric house officers (Record no. 43120)

MARC details
000 -LEADER
fixed length control field 00455nam a2200181Ia 4500
020 ## - INTERNATIONAL STANDARD BOOK NUMBER
ISBN 9780323053037
050 ## - CALL MARK
Classification number RJ 48 .H35/
245 #4 - TITLE STATEMENT
Title The Harriet Lane handbook : a manual for pediatric house officers
250 ## - EDITION / VOLUME STATEMENT
Edition / Volume statement 18th ed.
260 ## - PUBLICATION, DISTRIBUTION, ETC. (IMPRINT)
Place of publication Philadelphia
260 ## - PUBLICATION, DISTRIBUTION, ETC. (IMPRINT)
Name of publisher Mosby/Elsevier
260 ## - PUBLICATION, DISTRIBUTION, ETC. (IMPRINT)
Year of publication c2009
300 ## - PHYSICAL DESCRIPTION
Number of Pages 1202 p
650 ## - SUBJECT ADDED ENTRY--TOPICAL TERM
Topical Term Philadelphia
942 ## - ADDED ENTRY ELEMENTS (KOHA)
Koha item type Books
Holdings
Withdrawn status Lost status Source of classification or shelving scheme Damaged status Not for loan Permanent Location Current Location Shelving location Date acquired Accession Number Price effective from Koha item type
    Library of Congress Classification     NILE UNIVERSITY OF NIGERIA - MAIN LIBRARY NILE UNIVERSITY OF NIGERIA - MAIN LIBRARY Items on shelf 06/03/2025 0008788 06/03/2025 Books